Wszystkie kraje, z których piłkarze kiedykolwiek grali w Lechu Poznań - Statystyki

Ogólne statystyki
  • Ten quiz został rozwiązany 427 razy
    248 od ostatniego zresetowania
  • Średni wynik to 31 z 47
Statystyki odpowiedzi
Liczba piłkarzy Narodowość % Poprawnych
Szwecja
96%
Hiszpania
93%
Niemcy
92%
5 Portugalia
92%
Ukraina
92%
Rosja
91%
Czechy
90%
3 Norwegia
90%
Słowacja
89%
Finlandia
87%
Dania
85%
Łotwa
84%
1 Brazylia
81%
Słowenia
81%
Chorwacja
80%
6 Serbia
79%
Stany Zjednoczone
79%
Holandia
77%
Grecja
76%
Austria
75%
Białorus
75%
Bośnia i Hercegowina
75%
Rumunia
74%
Szwajcaria
73%
4 Argentyna
71%
Węgry
70%
Szkocja
68%
Bułgaria
66%
Iran
64%
Kolumbia
64%
Gruzja
60%
Wybrzeże Kości Słoniowej
60%
Republika Południowej Afryki
57%
Czarnogóra
56%
Nigeria
56%
2 Macedonia
55%
Peru
51%
Kamerun
48%
Senegal
46%
Panama
44%
Ghana
41%
Izrael
41%
Demokratyczna Republika Konga
35%
Gambia
24%
Zambia
17%
Zimbabwe
17%
Gwinea
14%
Nie znaleziono quizów pasujących do podanych kryteriów
Rozkład punktacji
Procent ludzi z każdym wynikiem
Percentyl według liczby udzielonych odpowiedzi
Twoja historia wyników
Nie rozwiązałeś tego quizu od ostatniego zresetowania